| 000 | 00354nam a22001217a 4500 | ||
|---|---|---|---|
| 082 |
_a001 _bHEL/W |
||
| 100 | _aHELLER ROBERT, Et al | ||
| 245 | _aTHE WINNER'S MANUAL: ESSENTIAL LIFE AND WORK SKILLS: MANAGING TEAMS, MOTIVATING PEOPLE, HOW TO DELEGATE | ||
| 260 |
_aLondon _bDK LIMITED |
||
| 300 | _a72 | ||
| 650 |
_aPERSONALITY DEVELOPMENT _zUK |
||
| 942 | _cBK | ||
| 999 |
_c1880 _d1880 |
||